000 01242nam a22003497a 4500
003 CHAP
005 20220329140703.0
008 971013s1974 r 00010 d
010 _a56059
011 _a57031
035 _a61184
040 _cCHAP
082 _a633.85016
_bS4
100 0 0 _aSherbrooke, Wade C.
_9105644
245 _aJojoba
_b: a wax producing shrub of the Sonora desert: literature review and annotated bibliography
260 _aTucson :
_bUniversity of Arizona,
_c1974
300 _a141 p.
490 _aArid land resource information paper
_v; 5
500 _a----supl. Tucson, University of Arizone, 1979. 80 p.
590 _aBATCH-UPD
_b10
_c20130110
_lUCH01
_h0334
590 _aBATCH-UPD
_b10
_c20130110
_lUCH01
_h2125
590 _aBATCH-UPD
_b10
_c20130410
_lUCH01
_h1452
590 _aBATCH-UPD
_b10
_c20130914
_lUCH01
_h0355
590 _aCONVERSION
_b10
_c20130109
_lUCH01
_h1330
650 1 4 _aJojoba
_xBibliografía.
_961938
700 0 _aHaase, Edward F.
_952084
830 0 _aArid land resource information paper
_v; 5
_97087
901 _aBK
942 _cLIBRO
949 _a633.85016 S4
_bBC
_cC
_d33724000653812
_eC
_fsop.
_h54851
_i61184
_si
949 _a633.85016 S4
_bBC
_cC
_d33724000653838
_eC
_h33797
_i61184
_si
999 _c56059
_d56059